A reconstruction of economics
Uloženo v:
| Hlavní autor: | |
|---|---|
| Médium: | Kniha |
| Jazyk: | Undetermined |
| Vydáno: |
New York
John Wiley & Sons, Inc.
1950
|
| Témata: | |
| Tagy: |
Přidat tag
Žádné tagy, Buďte první, kdo otaguje tento záznam!
|
| Thư viện lưu trữ: | Trung tâm Học liệu Trường Đại học Cần Thơ |
|---|
| LEADER | 00458nam a2200169Ia 4500 | ||
|---|---|---|---|
| 001 | CTU_79510 | ||
| 008 | 210402s9999 xx 000 0 und d | ||
| 082 | |a 330.1 | ||
| 082 | |b B763 | ||
| 100 | |a Boulding, Kenneth E. | ||
| 245 | 2 | |a A reconstruction of economics | |
| 245 | 0 | |c Kenneth E. Boulding | |
| 260 | |a New York | ||
| 260 | |b John Wiley & Sons, Inc. | ||
| 260 | |c 1950 | ||
| 650 | |a Economics | ||
| 980 | |a Trung tâm Học liệu Trường Đại học Cần Thơ | ||